000 00667nam a22002417a 4500
003 UA-OsUOA
001 40523
007 ta
008 20080613b un ||||| |||| 00| 0 ukr d
100 _aКуделя Микола
090 _a82-94
_bК88
942 _cBK
040 _aUA-OsUOA
_bukr
_cUA-OsUOA
_dUA-OsUOA
245 _aПід мурами луцької тюрми
300 _a128 с.
955 _a3
041 _aukr
080 _a82-94
260 _aЛуцьк
_b"Надстир'я"
_c2001
246 3 1 _aСпогади колишнього в'язня
650 7 _a82 Література. Літературознавство
_2UDC
999 _c439029
_d439029